Darse cuenta (Registro nro. 37758)
[ vista simple ]
| 000 -CABECERA | |
|---|---|
| Longitud fija campo de control | 00800cam a2200253 i 4500 |
| 003 - • IDENTIFICADOR DELl NÚMERO DE CONTROL | |
| Identificador del número de control | CO-ViMGA |
| 005 - • FECHA Y HORA DE LA ÚLTIMA TRANSACCIÓN | |
| Fecha y hora de la última transacción | 20230915234403.0 |
| 008 - • CÓDIGOS DE INFORMACIÓN DE LONGITUD FIJA | |
| Códigos de información de longitud fija | 100902s2010 sp | |||| 000 0 spa |
| 020 ## - • NÚMERO INTERNACIONAL NORMALIZADO PARA LIBROS | |
| Número Internacional Normalizado para Libros (ISBN) | 9788484453222 |
| 040 ## - FUENTE DE LA CATALOGACIÓN | |
| Centro catalogador de origen | CO-ViMGA |
| Lengua de catalogación | spa |
| Centro transcriptor | CO-ViMGA |
| 041 1# - • CÓDIGO DE LENGUA | |
| Código de lengua original | eng |
| 082 04 - • NÚMERO DE LA CLASIFICACIÓN DECIMAL DEWEY | |
| Número de clasificación (R) | 181.4 |
| Número del ítem | K74d |
| 100 1# - • PUNTO DE ACCESO PRINCIPAL-NOMBRE DE PERSONA | |
| Nombre de persona | Krishnamurti, J. |
| Fechas asociadas al nombre | 1895-1986 |
| 240 10 - • TÍTULO UNIFORME | |
| Título uniforme | <a href="Choiceless awareness">Choiceless awareness</a> |
| 245 10 - • TITULO PROPIAMENTE DICHO | |
| Título | Darse cuenta |
| Medio | [Texto impreso] : |
| Resto del título | la puerta de la inteligencia |
| Mención de responsabilidad, etc. | seleccion de textos de las enseñanzas de J. Krishnamurti ; [traduccion, F. K. L.] |
| 250 ## - • MENCIÓN DE EDICIÓN | |
| Mención de edición | 2a. ed. |
| 300 ## - • DESCRIPCIÓN FÍSICA | |
| Extensión | 179 p. |
| Dimensiones | 21 cm |
| 490 0# - • MENCIÓN DE SERIE | |
| Mención de serie | J. Krishnamurti |
| 650 17 - • PUNTO DE ACCESO ADICIONAL DE MATERIA - TÉRMINO DE MATERIA | |
| Término de materia o nombre geográfico como elemento inicial | Conocimiento |
| Fuente del encabezamiento o término | embne |
| 650 17 - • PUNTO DE ACCESO ADICIONAL DE MATERIA - TÉRMINO DE MATERIA | |
| Término de materia o nombre geográfico como elemento inicial | Yo (Filosofia) |
| Fuente del encabezamiento o término | embne |
| 942 ## - ENTRADA DE ELEMENTOS AGREGADOS (KOHA) | |
| Fuente de clasificaión o esquema | Dewey Decimal Classification |
| Koha [por defecto] tipo de item | LIbro |
| Perdido | Fuente de clasificación o esquema | Estado Físico | No para préstamo | Forma de adquisición | Localización permanente | Localización actual | Fecha adquisición | Préstamos totales | Signatura completa | Código de barras | Fecha última consulta | Fecha último préstamo | Número de copia | Fecha del precio de reemplazo | Tipo de item de Koha |
|---|---|---|---|---|---|---|---|---|---|---|---|---|---|---|---|
| Dewey Decimal Classification | Sala General Segundo Piso | Biblioteca Pública Germán Arciniegas - Villavicencio | Biblioteca Pública Germán Arciniegas - Villavicencio | 01/31/2017 | 1 | 181.4 K74d | 31438 | 11/07/2017 | 10/27/2017 | Ej. 1 | 01/31/2017 | LIbro |